El sustantivo sin actualizador en Las soledades (Record no. 648161)
[ view plain ]
| 000 -CABECERA | |
|---|---|
| Campo de control de longitud fija | 00471nab a2200145Ia 4500 |
| 003 - IDENTIFICADOR DEL NÚMERO DE CONTROL | |
| Campo de control | ES-SlBCS |
| 005 - FECHA Y HORA DE LA ÚLTIMA TRANSACCIÓN | |
| Campo de control | 20210601140652.0 |
| 008 - CÓDIGOS DE INFORMACIÓN DE LONGITUD FIJA | |
| Campo de control de longitud fija | 140529s1973 xxu||||| |||| 00| 0 spa d |
| 041 ## - CÓDIGO DE LENGUA | |
| Código de lengua del texto/banda sonora o título independiente | spa |
| 100 1# - PUNTO DE ACCESO PRINCIPAL-NOMBRE DE PERSONA | |
| Nombre de persona | Lapesa, Rafael |
| 9 (RLIN) | 35331 |
| 245 00 - MENCIÓN DE TÍTULO | |
| Título | El sustantivo sin actualizador en Las soledades |
| Mención de responsabilidad, etc. | Rafael Lapesa |
| 600 14 - PUNTO DE ACCESO ADICIONAL DE MATERIA-NOMBRE DE PERSONA | |
| Nombre personal | Alonso, Dámaso |
| Fechas asociadas con el nombre | , 1898-1990 |
| 9 (RLIN) | 32842 |
| 773 0# - ENLACE AL DOCUMENTO FUENTE | |
| Título | Cuadernos Hispanoamericanos |
| Parte(s) relacionada(s) | vol. 94, nº. 280-281-282, 1973, págs. 433-448 |
| Número de control del registro relacionado | Rev1135 |
| 942 ## - ENTRADA DE ELEMENTOS AGREGADOS (KOHA) | |
| Koha [por defecto] tipo de item | Artículos de revista |
| Suprimido | Perdido | Estropeado | No para préstamo | Localización permanente | Localización actual | Localización en estantería | Fecha adquisición | Préstamos totales | Fecha última consulta | Fecha del precio de reemplazo | Tipo de item de Koha |
|---|---|---|---|---|---|---|---|---|---|---|---|
| San Esteban | San Esteban | Depósito de revistas | 11/07/2014 | 11/07/2014 | 11/07/2014 | Artículos de revista |
